Las comunidades de aprendizaje: estrategia de desarrollo profesional de los docentes de inglés (Record no. 178448)
[ view plain ]
| 000 -CABECERA | |
|---|---|
| campo de control de longitud fija | 01973nab a2200325 a 4500 |
| 005 - FECHA Y HORA DE LA ÚLTIMA TRANSACCIÓN | |
| campo de control | 20260120110458.0 |
| 008 - ELEMENTOS DE LONGITUD FIJA--INFORMACIÓN GENERAL | |
| campo de control de longitud fija | 991125c2014 ve qr p|o 000 0 spa d |
| 035 ## - NÚMERO DE CONTROL DEL SISTEMA | |
| Número de control de sistema | UPN01000206347 |
| 040 ## - FUENTE DE LA CATALOGACIÓN | |
| Centro catalogador/agencia de origen | MX-MxUPN |
| Lengua de catalogación | spa |
| Centro/agencia transcriptor | MX-MxUPN |
| Normas de descripción | aacr2 |
| 049 ## - COLECCIÓN | |
| Colección | ART-E |
| 100 1# - ASIENTO PRINCIPAL--NOMBRE PERSONAL | |
| Nombre de persona | Alcedo, Yesser |
| 100 1# - ASIENTO PRINCIPAL--NOMBRE PERSONAL | |
| Filiación | alcedoyes@hotmail.com |
| 100 1# - ASIENTO PRINCIPAL--NOMBRE PERSONAL | |
| Nombre de persona | Chacón, Carmen Teresa |
| 100 1# - ASIENTO PRINCIPAL--NOMBRE PERSONAL | |
| Filiación | cchacon15@gmail.com |
| 100 1# - ASIENTO PRINCIPAL--NOMBRE PERSONAL | |
| Nombre de persona | Chacón Corzo, María A. |
| 100 1# - ASIENTO PRINCIPAL--NOMBRE PERSONAL | |
| Filiación | mchcorzo@yahoo.es |
| 245 14 - MENCIÓN DE TÍTULO | |
| Título | Las comunidades de aprendizaje: estrategia de desarrollo profesional de los docentes de inglés |
| 506 0# - NOTA DE RESTRICCIONES AL ACCESO | |
| Limitaciones de acceso | Acceso abierto |
| 520 3# - NOTA DE RESUMEN, ETC. | |
| Sumario, etc. | Se presentan los resultados parciales de un estudio que tuvo como propósito conformar una comunidad de aprendizaje (CA) como estrategia de desarrollo profesional docente y reflexión pedagógica acerca de la evaluación cualitativa del inglés. Se utilizó como base teórica la investigación- acción, participaron ocho docentes de inglés de educación primaria pertenecientes a un plantel del estado Táchira. La observación, las notas de campo, el diario y la entrevista fueron los instrumentos usados para recoger información. Los hallazgos reportan que los docentes pueden reflexionar sobre sus prácticas y asumir actitudes favorables hacia la evaluación cualitativa, mediante actividades de formación continua desde la escuela y en cooperación con sus colegas. Por tanto, la comunidad de aprendizaje es un espacio para promover la reflexión y transformación de la práctica pedagógica. |
| 650 #4 - ASIENTO SECUNDARIO DE MATERIA - TERMINO TEMATICO | |
| Término de materia o nombre geográfico como elemento de entrada | Desarrollo profesional |
| 9 (RLIN) | 12865 |
| 653 0# - TERMINO DE INDIZACION - NO CONTROLADO | |
| Término no controlado | Comunidades de aprendizaje |
| 653 0# - TERMINO DE INDIZACION - NO CONTROLADO | |
| Término no controlado | Docentes |
| 653 0# - TERMINO DE INDIZACION - NO CONTROLADO | |
| Término no controlado | Enseñanza del inglés |
| 653 0# - TERMINO DE INDIZACION - NO CONTROLADO | |
| Término no controlado | Evaluación cualitativa |
| 773 ## - ENLACE AL DOCUMENTO FUENTE/ENTRADA DE REGISTRO ANFITRIÓN | |
| Parte(s) relacionada(s) | No. 61 (2014), p. 483-494 |
| Título | Educere : revista venezolana de educación |
| Número Internacional Normalizado para Publicaciones Seriadas | 1316-4910 |
| 856 4# - LOCALIZACIÓN Y ACCESO ELECTRÓNICOS | |
| Identificador Uniforme del Recurso | <a href="https://dialnet.unirioja.es/servlet/articulo?codigo=6508446">https://dialnet.unirioja.es/servlet/articulo?codigo=6508446</a> |
| 902 ## - ELEMENTOS DE DATOS B LOCAL, LDB (RLIN) | |
| Creó | Gloria Jiménez/200126 |
| 905 ## - TIPO DE MATERIAL | |
| Tipo de material | Articulo |
| 942 ## - ELEMENTOS DE PUNTO DE ACCESO ADICIONAL (KOHA) | |
| Tipo de ítem Koha | Artículo Electrónico |
| Estado de retiro | Estado de pérdida | Estado dañado | No para préstamo | Código de colección | Localización permanente | Ubicación/localización actual | Ubicación en estantería | Fecha de adquisición | Total de préstamos | Fecha visto por última vez | Identificador Uniforme del Recurso | Precio válido a partir de | Tipo de ítem Koha |
|---|---|---|---|---|---|---|---|---|---|---|---|---|---|
| Acceso abierto | Bib. Gregorio Torres Quintero | Bib. Gregorio Torres Quintero | En línea | 20/01/2026 | 20/01/2026 | https://dialnet.unirioja.es/servlet/articulo?codigo=6508446 | 20/01/2026 | Artículo Electrónico |
